Ekonomická analýza práva bakalárska práca

Gespeichert in:
Bibliographische Detailangaben
1. Verfasser: Kučera, Andrej
Körperschaften: Ekonomická univerzita v Bratislave. Národohospodárska fakulta, Univerzita Komenského v Bratislave. Právnická fakulta
Weitere Verfasser: Cuper, Ján
Format: Buch
Sprache:Slowakisch
Veröffentlicht: Bratislava 2017
Tags: Tag hinzufügen
Keine Tags, Fügen Sie das erste Tag hinzu!

MARC

LEADER 00000nbm a2200000 4500
001 0235336
005 20180306131838.2
041 0 |a slo 
044 |a SK 
245 1 0 |a Ekonomická analýza práva  |b bakalárska práca  |c Andrej Kučera ; školiteľ: Ján Cuper 
264 1 |a Bratislava  |c 2017 
300 |a 51 s. 
100 1 |a Kučera, Andrej 
700 1 |a Cuper, Ján 
710 2 |a Ekonomická univerzita v Bratislave. Národohospodárska fakulta 
710 2 |a Univerzita Komenského v Bratislave. Právnická fakulta